[Event "Pan American Intercollegiate-chT"]
[Site "Dulles"]
[Date "2022.01.08"]
[Round "5.3"]
[White "Ritam, Nag"]
[Black "Matviishen, Viktor"]
[Result "0-1"]
[WhiteElo "2010"]
[BlackElo "2507"]
[PlyCount "98"]
[EventDate "2022.01.06"]
[EventType "team-swiss"]
[EventRounds "6"]
[EventCountry "USA"]
[SourceTitle "EXT 2023"]
[Source "ChessBase"]
[SourceDate "2022.10.05"]
[SourceVersion "1"]
[SourceVersionDate "2022.10.05"]
[SourceQuality "1"]
[WhiteTeam "Massachusetts IT Beavers"]
[BlackTeam "Texas Tech Univ"]
[WhiteTeamCountry "USA"]
[BlackTeamCountry "USA"]

1. e4 e5 2. Bc4 Nf6 3. d3 c6 4. Nf3 d5 5. Bb3 Bd6 6. exd5 cxd5 7. Bg5 d4 8. Nbd2 0-0 9. Ne4 Be7 10. Bxf6 Bxf6 11. h3 Nc6 12. Qe2 a5 13. a4 Be7 14. 0-0 Kh8 15. Bc4 Bd7 16. Bb5 f6 17. Nfd2 Rc8 18. Nc4 Be6 19. Bxc6 Rxc6 20. Ned2 Bb4 21. b3 Re8 22. Ne4 Bd7 23. Qh5 g6 24. Qh6 Bf8 25. Qd2 b6 26. Qd1 f5 27. Ng3 Rce6 28. Qd2 Bc6 29. Rad1 Bb7 30. Kh2 h5 31. c3 Kh7 32. Qb2 Qg5 33. Qc1 Qxc1 34. Rxc1 Bh6 35. Rc2 e4 36. Rd1 h4 37. Nf1 exd3 38. Rxd3 Be4 39. Nb2 Bxd3 40. Nxd3 Re2 41. Rxe2 Rxe2 42. cxd4 Re4 43. d5 Rd4 44. Nb2 Rxd5 45. Nc4 Bf4+ 46. g3 hxg3+ 47. fxg3 Bc7 48. Kg2 Rd3 49. Ncd2 Bxg3 0-1

[Event "IND-ch U11"]
[Site "Odisha"]
[Date "2014.07.29"]
[Round "8"]
[White "Vel, Vishwanathan GM"]
[Black "Ritam, Nag"]
[Result "0-1"]
[WhiteElo "1521"]
[BlackElo "1768"]
[PlyCount "132"]
[EventDate "2014.07.24"]
[EventType "swiss"]
[EventRounds "11"]
[EventCountry "IND"]
[SourceTitle "CBM 161 Extra"]
[Source "ChessBase"]
[SourceDate "2014.08.29"]
[SourceVersion "1"]
[SourceVersionDate "2014.08.29"]
[SourceQuality "1"]

1. e4 e5 2. Nf3 Nc6 3. Nc3 Nf6 4. d4 exd4 5. Nxd4 Bb4 6. Nxc6 bxc6 7. Bd3 d5 8. exd5 cxd5 9. 0-0 0-0 10. Bg5 c6 11. Ne2 Bg4 12. h3 Bh5 13. g4 Bg6 14. Ng3 Bd6 15. Nf5 Bxf5 16. Bxf5 h6 17. Be3 Ne4 18. Bxe4 dxe4 19. Qd4 Qe7 20. Rad1 Rad8 21. Qc3 f5 22. Rxd6 Qxd6 23. Bc5 Qg6 24. Bxf8 Rxf8 25. Qg3 fxg4 26. Qxg4 Qxg4+ 27. hxg4 Rf4 28. Rd1 Rxg4+ 29. Kh2 Rf4 30. Kg2 Rf5 31. Rd4 Re5 32. Rc4 c5 33. Ra4 e3 34. fxe3 Rxe3 35. Kf2 Re7 36. Rc4 Rc7 37. Kg3 Kf7 38. b4 Ke6 39. b5 Kd5 40. Rf4 c4 41. a4 Kc5 42. c3 Kb6 43. Rf5 Ka5 44. b6+ Kxb6 45. Rb5+ Kc6 46. Rb4 Kd5 47. Kf3 a6 48. Rb1 Rc6 49. Rd1+ Ke5 50. Kg4 Ke4 51. Rd4+ Ke5 52. Kh5 g5 53. Kg4 Rf6 54. Kg3 Rf4 55. Rd8 h5 56. Re8+ Kf5 57. Ra8 h4+ 58. Kg2 Kg4 59. Rg8 h3+ 60. Kg1 Rf3 61. Kh2 Rxc3 62. Rc8 Rc2+ 63. Kg1 h2+ 64. Kh1 Kg3 65. Rxc4 Rxc4 66. a5 Rc1# 0-1

[Event "IND-ch U11"]
[Site "Odisha"]
[Date "2014.07.28"]
[Round "7"]
[White "Ritam, Nag"]
[Black "Aditya, Mittal"]
[Result "1/2-1/2"]
[WhiteElo "1768"]
[BlackElo "1511"]
[PlyCount "82"]
[EventDate "2014.07.24"]
[EventType "swiss"]
[EventRounds "11"]
[EventCountry "IND"]
[SourceTitle "CBM 161 Extra"]
[Source "ChessBase"]
[SourceDate "2014.08.29"]
[SourceVersion "1"]
[SourceVersionDate "2014.08.29"]
[SourceQuality "1"]

1. e4 d5 2. exd5 Nf6 3. d4 Nxd5 4. c4 Nb6 5. Nf3 Bg4 6. Be2 e6 7. 0-0 Be7 8. Be3 0-0 9. Ne5 Bxe2 10. Qxe2 N8d7 11. Nc3 c6 12. f4 Nxe5 13. fxe5 f5 14. Rad1 Bb4 15. Kh1 Bxc3 16. bxc3 Na4 17. Qc2 Nb6 18. Qb3 Qe7 19. d5 cxd5 20. Bxb6 dxc4 21. Qxc4 axb6 22. Rd6 Rac8 23. Qb3 Rc6 24. Rxc6 bxc6 25. Qxb6 Qd7 26. h3 Qd5 27. Ra1 f4 28. Qd4 Qxd4 29. cxd4 Rd8 30. Rc1 Rxd4 31. Rxc6 Ra4 32. Rxe6 Rxa2 33. Rb6 Re2 34. e6 Kf8 35. Rb8+ Ke7 36. Rb7+ Kf6 37. Rf7+ Kg6 38. Rxf4 Rxe6 39. Kh2 h5 40. g4 hxg4 41. Rxg4+ Kh7 1/2-1/2

[Event "Wch U08"]
[Site "Caldas Novas"]
[Date "2011.11.20"]
[Round "4"]
[White "Ritam, Nag"]
[Black "Lin, Yi1111"]
[Result "1-0"]
[WhiteElo "1551"]
[BlackElo "2264"]
[PlyCount "64"]
[EventDate "2011.11.18"]
[EventType "swiss"]
[EventRounds "9"]
[EventCountry "BRA"]
[SourceTitle "EXT 2013"]
[Source "ChessBase"]
[SourceDate "2012.11.22"]
[SourceVersion "1"]
[SourceVersionDate "2012.11.22"]
[SourceQuality "1"]

1. e4 c5 2. c3 d5 3. e5 Nc6 4. d4 e6 5. Nf3 cxd4 6. cxd4 Bb4+ 7. Bd2 Bxd2+ 8. Nbxd2 Nge7 9. Bd3 0-0 10. 0-0 Nf5 11. Bxf5 exf5 12. Nb3 b6 13. Rc1 Ne7 14. Qc2 Be6 15. Qc7 Ng6 16. Qxd8 Rfxd8 17. a3 Rac8 18. Rxc8 Rxc8 19. Rc1 Rxc1+ 20. Nxc1 Ne7 21. Nd3 Nc6 22. Kf1 Na5 23. b3 Kf8 24. Ke2 Ke7 25. Nb4 Kd7 26. Kd3 Nc6 27. Nxc6 Kxc6 28. Kc3 a6 29. b4 b5 30. Kd3 h6 31. h4 Kb6 32. Kc3 Bd7 1-0